00445nam a22001457a 4500003000400000020001800004082001800022100002100040245005600061260003300117300000700150942001200157952011300169999001700282SGT a9786206181026 a617.645bR23S aSharma, Sugandha aRole of Panoramic radiograph in Pediatric Dentistry bLambert Academic Pub. c2023 a51 2ddccBK 00102ddc4071aFDbFDcREFd2024-09-30iSGTUl0o617.645 R23SpFD9589r2024-09-30 00:00:00w2024-09-30yBK c27063d27063